000 00356nam a22001457a 4500
003 SGT
020 _a978-1-64435-198-7
082 _a610
_bHUN
100 _aHUNTER, JUSTIN
245 _aHERBAL MEDICINAL OILS IN TRADITIONAL PERSIAN MEDICINE
260 _aBOSTON
_bMEDICARE PUB.
_c2022
300 _a241
650 _aHERBAL MEDICINAL
942 _2ddc
_cBK
999 _c33100
_d33100